000 00707nam a22002417a 4500
999 _c381830
_d381830
001 95588
003 UA-OsUOA
005 20200226113517.0
007 ta
008 20130305b un ||||| |||| 00| 0 ukr d
040 _aUA-OsUOA
_bukr
_cUA-OsUOA
_dUA-OsUOA
041 _aukr
080 _a821.161.2:09
090 _a821.161.2:09
_bГ85
100 _aГриневичева К.
245 _aНепоборні
_bоповідання
260 _aЛьвів
_bЛогос
_c1926
300 _a175 с.
650 7 _a09 Рукописи. Раритети і рідкісні видання
_2UDC
650 7 _a82 Література. Літературознавство
942 _cRB
_2udc
955 _a3